LDR 00675naa#a2200181#i#450# 001 EN\\bibl\126618 005 20260630105949.2 011 ## _a2587-6740 100 ## _a20260615b2026####ek#y0engy0150####ca 102 ## _aRU 200 1# _aLand use systems transformation: a comparative analysis of the China and Russia experience in the XX-XXI centuries _eJournal article 210 1# _aMoscow _cElectronic science _d2026 215 ## _a5 с. 608 ## _aJournal article _2local 675 ## _aРегиональная экономика. Территориальная экономика. 332.1 _z 700 #1 _aUvarova _gEkaterina Leonidovna 700 #1 _aPavlova _gViktoria Aleksandrovna 856 4# _amshj.ru _u